|
|
|
|
| LEADER |
01473nam a2200337 a 4500 |
| 001 |
13643024 |
| 008 |
100405r20072005caua 001 0 eng d |
| 010 |
|
|
|a 2004109876
|
| 040 |
|
|
|a VYR
|c VYR
|d JRZ
|d DLC
|
| 020 |
|
|
|a 8177581996
|
| 020 |
|
|
|a 0131482025
|
| 082 |
0 |
4 |
|a 005.133
|2 22
|
| 100 |
1 |
|
|a Horstmann, Cay S.,
|d 1959-
|
| 245 |
1 |
0 |
|a Core Java 2 /
|c Cay S. Horstmann, Gary Cornell.
|
| 246 |
3 |
|
|a Core Java two
|
| 250 |
|
|
|a 7th ed.
|
| 260 |
|
|
|a Santa Clara, Calif. :
|b Sun Microsystems Press, ;
|a New Delhi :
|b Pearson Education,
|c c2005. [4th impression 2007]
|
| 300 |
|
|
|a 1022 p. :
|b ill. ;
|c 24 cm.
|
| 362 |
0 |
|
|a Vol.II
|
| 490 |
0 |
|
|a Sun Microsystems Press Java series
|
| 500 |
|
|
|a "J2SE 5.0"--Cover.
|
| 504 |
|
|
|a Includes indexes.
|
| 505 |
0 |
|
|a v. 1. Fundamentals -- v. 2. Advanced feature.
|
| 541 |
1 |
|
|e 00016446
|
| 650 |
|
0 |
|a Java (Computer program language)
|
| 700 |
1 |
|
|a Cornell, Gary.
|
| 852 |
4 |
|
|a Ayesha Abed Library
|j General shelf
|
| 999 |
|
|
|c 7967
|d 7967
|
| 952 |
|
|
|0 0
|1 0
|2 ddc
|4 0
|6 005_133000000000000_HOR_2007
|7 0
|9 8990
|a BRACUL
|b BRACUL
|c GEN
|d 2010-04-06
|l 1
|o 005.133 HOR
|p 3010016446
|r 2018-02-20
|s 2018-02-07
|t 1
|w 2010-04-06
|y BK
|
| 952 |
|
|
|0 0
|1 0
|2 ddc
|4 0
|6 005_133000000000000_HOR_2007
|7 0
|9 9234
|a BRACUL
|b BRACUL
|c GEN
|d 2010-04-15
|l 0
|o 005.133 HOR
|p 3010016445
|r 2010-04-15
|t 2
|w 2010-04-15
|y BK
|
| 952 |
|
|
|0 0
|1 0
|2 ddc
|4 0
|6 005_133000000000000_HOR_2007
|7 0
|9 12741
|a BRACUL
|b BRACUL
|c GEN
|d 2010-10-25
|l 2
|m 29
|o 005.133 HOR
|p 3010016447
|r 2017-04-02
|s 2016-09-07
|t 3
|w 2010-10-25
|y BK
|